Lotus 1-2-3 release 2.3 : instant reference
| Main Author: | |
|---|---|
| Format: | Book |
| Published: |
Singapore :
Tech Pub ,
1991.
|
| Subjects: |
MARC
| LEADER | 00000cam a2200000 7i4500 | ||
|---|---|---|---|
| 001 | 0000002785 | ||
| 005 | 20040108.0 | ||
| 020 | 0 | 0 | |a 9813005777 |
| 090 | 0 | 0 | |a 005.369 |b ROB 1991 |
| 100 | 1 | 0 | |a ROBBINS |h Judd |
| 245 | 1 | 0 | |a Lotus 1-2-3 release 2.3 : |b instant reference |c Judd Robbins |
| 260 | 0 | 0 | |a Singapore : |b Tech Pub , |c 1991. |
| 300 | |a xx, 262 p. ; |c 19 cm. | ||
| 500 | 0 | 0 | |a Includes index |
| 650 | 0 | 0 | |a Electronic spreadsheet |
| 650 | 0 | 0 | |a Lotus 1-2-3 (Computer program) |
| 998 | |a JPSM | ||
| 999 | |a 0000004449 |b Monograph |c Open Shelf |e Default branch | ||